000 00510cam a22002051 4500
001 sa 67004640
003 DLC
005 20260227112349.0
008 890420s1963 np 000 0 nepo
010 _asa 67004640
035 _a(OCoLC)19575810
040 _aDLC
_cWaU
_dDLC
042 _apremarc
050 0 0 _aPK2598.P7
_bS9 1964
100 1 _aPradhan, Hridaya Chandra Singh,
_d1916-1960.
245 1 0 _aSvāsnīmānche.
260 _c[1963 or 4]
300 _a4, 245 p.
_c19 cm.
500 _aIn Nepali.
999 _c74648
_d74648